00323 2200133 4500001002100000005001500021035002000036245005500056100002400111300001200135260002000147082001000167990001200177INLIS00000000000227320250527030051 a0010-05250005651 aMatematika SMU Kelas 1 CW 2 /cSartono Wirodikromo0 aSartono Wirodikromo a193 hlm bErlangga,c2000 a025.5 a0712726